| 000 | 00632nam a22002412 4500 | ||
|---|---|---|---|
| 999 |
_c9824 _d9824 |
||
| 001 | 9824 | ||
| 003 | BD-JhCC | ||
| 005 | 20180402083540.0 | ||
| 008 | 180401s1972 enka j 001 0 eng d | ||
| 020 | _a0356039838 | ||
| 035 |
_aOCLC ocm11638351 from D970814M _a(BD-JhCC)9824 |
||
| 040 |
_aEUT _cEUT _dEQO |
||
| 041 | _aeng | ||
| 082 |
_bDAV 1972 _a551.11 |
||
| 100 | 1 | _aDavis, Alan G. | |
| 245 | 1 | 0 |
_aInside the earth / _cAlan Davis. |
| 260 |
_aLondon : _bMacdonald Educational, _c1972. |
||
| 300 |
_a48 p. : _bill. (part col.) ; _c29 cm. |
||
| 650 | 0 | _aGeology | |
| 651 | 0 | _aEarth (Planet) | |
| 942 |
_2ddc _cBK |
||